शिक्षा आयोग की चुनौतियाँ / (Record no. 11306)

MARC details
000 -LEADER
fixed length control field 01081 a2200217 4500
005 - DATE AND TIME OF LATEST TRANSACTION
control field 20080902123852.0
008 - FIXED-LENGTH DATA ELEMENTS--GENERAL INFORMATION
fixed length control field 080902t xxu||||| |||| 00| 0 hin d
010 ## - LIBRARY OF CONGRESS CONTROL NUMBER
LC control number HIN-82913
020 ## - INTERNATIONAL STANDARD BOOK NUMBER
International Standard Book Number 8189327534
Terms of availability 300.00
035 ## - SYSTEM CONTROL NUMBER
System control number HN-55259
037 ## - SOURCE OF ACQUISITION
Source of stock number/acquisition पु.प्र.अ.प्र/प्रका
082 ## - DEWEY DECIMAL CLASSIFICATION NUMBER
Classification number 379.54
100 ## - MAIN ENTRY--PERSONAL NAME
Personal name आशुतोष कुमार
245 ## - TITLE STATEMENT
Title शिक्षा आयोग की चुनौतियाँ /
Statement of responsibility, etc आशुतोष कुमार
246 ## - VARYING FORM OF TITLE
Title proper/short title Shiksha Aayog ki Chunautiyan
Remainder of title by Ashutosh Kumar
260 ## - PUBLICATION, DISTRIBUTION, ETC. (IMPRINT)
Place of publication, distribution, etc पटना
Name of publisher, distributor, etc विशाल पब्लिकेशन
Date of publication, distribution, etc 2008
270 ## - ADDRESS
Address कैलाश मार्केट, दरियापुर
City पटना
Postal code 800004
300 ## - PHYSICAL DESCRIPTION
Extent 284पृ
Dimensions 22 सेमी (सजिल्द)
942 ## - ADDED ENTRY ELEMENTS (KOHA)
Institution code [OBSOLETE] dpl
Koha item type Hindi Books
Call number prefix 379.54 / आशुतो
Source of classification or shelving scheme Dewey Decimal Classification
Classification part 379.54
Call number suffix आशुतो
Holdings
Withdrawn status Lost status Damaged status Not for loan Collection code Home library Current library Date acquired Cost, normal purchase price Total Checkouts Full call number Barcode Date last seen Copy number Uniform Resource Identifier Cost, replacement price Price effective from Koha item type
      Not For Loan Non-fiction D.B.Act.Division D.B.Act.Division 02/09/2008 300.00   379.54 आशुतो HN-55259 15/09/2008 1 12416 300.00 15/09/2008 Hindi Books

© Delhi Public Library
Hit Counter
free hit counter